Libre dels feyts darmes de Catalunya / compost per Mossen Bernat Boades ... ; ara per primera volta estampades baix la direcció d'en Marián Aguiló y Fuster
Descripción Física:
XLIV, 463 p. ; 19 cm
Colección:
Biblioteca catalana
MARC
| LEADER | 00000nam a2200000Ia 4500 | ||
|---|---|---|---|
| 001 | 14570 | ||
| 008 | 160829s1873 xx 000 0 cat d | ||
| 080 | |a H-2-167 | ||
| 100 | |a Roig i Jalpí, Joan Gaspar |9 23526 | ||
| 245 | |a Libre dels feyts darmes de Catalunya / compost per Mossen Bernat Boades ... ; ara per primera volta estampades baix la direcció d'en Marián Aguiló y Fuster | ||
| 260 | |a Barcelona : |b Llibrería d'Alvar Verdaguer, |c 1873 | ||
| 300 | |a XLIV, 463 p. ; |c 19 cm | ||
| 490 | |a Biblioteca catalana | ||
| 590 | |a Llibre atribuït a Joan Gaspar Roig i Jalpí. | ||
| 590 | |a Referències bibliogràfiques | ||
| 650 | |a Catalunya |x Història |x Obres anteriors al 1800 |9 23527 | ||
| 700 | |a Boades, Bernat |9 23528 | ||
| 700 | |a Aguiló, Marià |9 19705 | ||
| 901 | |a Arxiu | ||
| 942 | |n 1 | ||
| 952 | |0 0 |1 0 |4 0 |6 H2167 |7 1 |9 42740 |a Arxiu |b Arxiu |d 2016-12-01 |l 0 |o H-2-167 |p 14570 |r 2016-12-01 00:00:00 |w 2016-12-01 |y ARXIU | ||
| 999 | |c 45246 |d 45246 | ||